| 000 | 00639nam a22001937a 4500 | ||
|---|---|---|---|
| 003 | OSt | ||
| 005 | 20240722081742.0 | ||
| 008 | 240720b |||||||| |||| 00| 0 eng d | ||
| 020 | _a978-621-406-148-0 | ||
| 040 |
_aDWC- Main Lib _cOC |
||
| 082 | _aFil. 301.161 G983m 2018 | ||
| 100 | _aGutierrez-Ang, Jaime | ||
| 245 |
_aMontage: _bintroduction to communication media/ _cJaime Gutierrez-Ang. |
||
| 260 |
_aManila Philippines : _bMindshapers Co., Inc., _cc2018. |
||
| 300 |
_avii , 184 pages : _billustrations ; _c26cm. |
||
| 504 | _aIncludes glossary and bibliographic references. | ||
| 650 | _a1. Mass media | ||
| 942 |
_2ddc _cBK - FIL _n1 |
||
| 999 |
_c2470 _d2470 |
||